| 000 | 01152nam a2200253Ia 4500 | ||
|---|---|---|---|
| 999 |
_c38780 _d38780 |
||
| 001 | 5129 | ||
| 003 | GE_BSU | ||
| 005 | 20190621204913.0 | ||
| 008 | 181216s2001||||ge |||||||||||||| ||geo|| | ||
| 040 | _cGE_BSU | ||
| 041 | _ageo | ||
| 080 | _a159.923 ჩ-12 | ||
| 100 |
_aჩაგანავა,გურამ. _9376 |
||
| 245 |
_aგანწყობის ფსიქოლოგიის აქტუალური პრობლემები / _cგურამ ჩაგანავა ; რედ. ნ. ბარამიძე. |
||
| 264 |
_aბათუმი : _bგამ-ბა აჭარა , _c2001. |
||
| 300 |
_a224 გვ : _c20სმ . |
||
| 504 | _aბიბლიოგრ. :გვ .214-222. | ||
| 520 | _aრეზიუმე ინგლისურ და რუსულ ენებზე | ||
| 541 | _h10ლ. | ||
| 653 | _aგანწყობის ფსიქოლოგიის აქტუალური პრობლემები | ||
| 653 | _aფსიქოლოგია . | ||
| 700 |
_aბარამიძე ნოდარ _eრედაქტორი _9377 |
||
| 942 |
_cBK _2udc |
||